[Event "MNT-chT"]
[Site "Montenegro"]
[Date "2017.09.30"]
[Round "8.2"]
[White "Knezevic, Miodrag"]
[Black "Kraljevic, Ivan"]
[Result "1/2-1/2"]
[WhiteElo "2076"]
[BlackElo "2119"]
[PlyCount "172"]
[EventDate "2017.09.23"]
[EventType "team"]
[EventRounds "9"]
[EventCountry "MNE"]
[SourceTitle "EXT 2019"]
[Source "ChessBase"]
[SourceDate "2018.10.10"]
[SourceVersion "1"]
[SourceVersionDate "2018.10.10"]
[SourceQuality "1"]
[WhiteTeam "Rokada"]
[BlackTeam "Crnogorac"]
[WhiteTeamCountry "MNE"]
[BlackTeamCountry "MNE"]

1. d4 d5 2. Bf4 c5 3. e3 Nc6 4. c3 Nf6 5. Nf3 Qb6 6. Qc2 g6 7. Be2 Bf5 8. Qb3 c4 9. Qxb6 axb6 10. Nbd2 b5 11. Ne5 Bg7 12. 0-0 0-0 13. a3 Ne4 14. Nxe4 Bxe5 15. Nd2 Bxf4 16. exf4 h5 17. h3 Kg7 18. Rfe1 Rfd8 19. Kh2 Ra6 20. g4 hxg4 21. hxg4 Be6 22. Kg3 Rda8 23. Rac1 Rh8 24. Nf3 Nd8 25. Bf1 Kf8 26. Ne5 Bc8 27. Bg2 e6 28. g5 Nc6 29. Rh1 Rxh1 30. Rxh1 Nxe5 31. fxe5 Kg7 32. Rc1 Bd7 33. Kf4 Ra8 34. Rh1 Bc6 35. Ke3 Bd7 36. Kd2 Bc6 37. Bf3 Ra7 38. Kc2 Ra8 39. Kb1 Bd7 40. Ka2 Bc6 41. Bd1 Bd7 42. Bc2 Bc6 43. b3 Ra7 44. f3 Ra8 45. Kb2 Bd7 46. Bd1 Bc6 47. Bc2 Bd7 48. Bd1 Bc6 49. Be2 Bd7 50. a4 cxb3 51. Bxb5 Bxb5 52. axb5 Ra5 53. Ra1 Rxb5 54. Ra3 Kf8 55. Rxb3 Rxb3+ 56. Kxb3 Ke7 57. c4 dxc4+ 58. Kxc4 Kd7 59. Kb5 Kc7 60. d5 exd5 61. Kc5 Kd7 62. Kxd5 b5 63. e6+ fxe6+ 64. Kc5 b4 65. Kxb4 Kd6 66. Kc4 Ke5 67. Kd3 Kf4 68. Ke2 Kxg5 69. Ke3 Kf6 70. Ke4 g5 71. Kd4 Kf5 72. Ke3 Ke5 73. Ke2 Kf4 74. Kf2 g4 75. fxg4 Kxg4 76. Ke3 Kf5 77. Kf3 Ke5 78. Ke3 Kd5 79. Kd3 e5 80. Ke3 e4 81. Ke2 Kd4 82. Kd2 e3+ 83. Ke2 Ke4 84. Ke1 Ke5 85. Ke2 Kd4 86. Ke1 Ke5 1/2-1/2

[Event "Cetinje op"]
[Site "Cetinje"]
[Date "2016.05.04"]
[Round "1"]
[White "Kraljevic, Ivan"]
[Black "Savic, Miodrag R"]
[Result "0-1"]
[WhiteElo "2121"]
[BlackElo "2522"]
[PlyCount "127"]
[EventDate "2016.05.04"]
[EventType "swiss"]
[EventRounds "9"]
[EventCountry "MNE"]
[SourceTitle "CBM 172 Extra"]
[Source "ChessBase"]
[SourceDate "2016.06.21"]
[SourceVersion "1"]
[SourceVersionDate "2016.06.21"]
[SourceQuality "1"]

1. e4 d5 2. exd5 Qxd5 3. d4 Nf6 4. Nf3 Qa5+ 5. Nbd2 c6 6. Bd3 Bg4 7. 0-0 e6 8. c3 Nbd7 9. Re1 Qc7 10. h3 Bh5 11. Qb3 Be7 12. Ne5 Nxe5 13. Rxe5 Bg6 14. Bxg6 hxg6 15. Ne4 Nd7 16. Bf4 Nxe5 17. Bxe5 Qb6 18. Bxg7 Qxb3 19. axb3 Rh5 20. Be5 a6 21. Kh2 f5 22. Nd2 g5 23. Kg3 Kd7 24. Nc4 Rg8 25. f3 Rh7 26. Kf2 Rf8 27. b4 Bf6 28. Bd6 Rfh8 29. Bc5 Bd8 30. Nd6 Kc7 31. Nc4 Rh6 32. Re1 Kb8 33. Re2 Bc7 34. Be7 Rg8 35. Bd6 Bxd6 36. Nxd6 Rf6 37. Nc4 g4 38. hxg4 fxg4 39. Ne5 Kc7 40. Re4 gxf3 41. gxf3 Rh8 42. Rg4 Rh7 43. Ke3 Rfh6 44. Rg8 Rh2 45. Re8 Rxb2 46. Rxe6 Rc2 47. Kd3 Rhh2 48. Re7+ Kc8 49. Re8+ Kc7 50. Re7+ Kc8 51. Re8+ Kc7 52. Re7+ Kb8 53. Nd7+ Ka8 54. Nb6+ Ka7 55. Nc8+ Kb8 56. Nd6 b5 57. Ne4 Ra2 58. Ke3 a5 59. bxa5 Rxa5 60. Kf4 Rh8 61. Rg7 Rf8+ 62. Kg4 Ra1 63. f4 Rf1 64. Nc5 0-1

[Event "MNT-ch 65th"]
[Site "Cetinje"]
[Date "2013.07.20"]
[Round "1"]
[White "Kraljevic, Ivan"]
[Black "Lakusic, Zoran"]
[Result "1-0"]
[WhiteElo "2142"]
[BlackElo "1649"]
[PlyCount "55"]
[EventDate "2013.07.20"]
[EventType "swiss"]
[EventRounds "9"]
[EventCountry "MNE"]
[SourceTitle "CBM 155 Extra"]
[Source "ChessBase"]
[SourceDate "2013.08.26"]
[SourceVersion "1"]
[SourceVersionDate "2013.08.26"]
[SourceQuality "1"]

1. e4 c5 2. c3 Nc6 3. d4 cxd4 4. cxd4 d5 5. exd5 Qxd5 6. Nf3 Bg4 7. Be2 e6 8. Nc3 Bb4 9. 0-0 Bxc3 10. bxc3 Nge7 11. c4 Qa5 12. h3 Bxf3 13. Bxf3 Qc3 14. Qb3 Qxb3 15. axb3 0-0 16. Ba3 Rfe8 17. Rfd1 a5 18. Bc5 Nc8 19. b4 a4 20. b5 Nd8 21. Ra3 Ra5 22. Rda1 b6 23. Bb4 Ra7 24. Rxa4 Rd7 25. Ra8 Nd6 26. Bc6 Nxc6 27. bxc6 Rdd8 28. Rxd8 1-0

[Event "Cetinje Batricevic Memorial op"]
[Site "Cetinje"]
[Date "2012.10.27"]
[Round "9"]
[White "Veleski, Robert"]
[Black "Kraljevic, Ivan"]
[Result "1/2-1/2"]
[WhiteElo "2308"]
[BlackElo "2131"]
[PlyCount "58"]
[EventDate "2012.10.20"]
[EventType "swiss"]
[EventRounds "9"]
[EventCountry "MNE"]
[SourceTitle "EXT 2013"]
[Source "ChessBase"]
[SourceDate "2012.11.22"]
[SourceVersion "1"]
[SourceVersionDate "2012.11.22"]
[SourceQuality "1"]

1. e4 e6 2. d4 d5 3. Nd2 dxe4 4. Nxe4 Nd7 5. Bd3 Ngf6 6. Nf3 Nxe4 7. Bxe4 Nf6 8. Qe2 Nxe4 9. Qxe4 Qd5 10. Qxd5 exd5 11. Bf4 c6 12. 0-0 f6 13. h3 Kf7 14. Rfe1 Be7 15. Re2 Bd7 16. Rae1 Rhe8 17. c3 Bf8 18. Rxe8 Rxe8 19. Rxe8 Bxe8 20. Bb8 a6 21. Nd2 Bd7 22. Nb3 g5 23. Kf1 h5 24. Ke2 Bf5 25. Nc5 Bc8 26. Bc7 Kg6 27. Ke3 Bh6 28. Ke2 Bf8 29. a3 h4 1/2-1/2

[Event "Cetinje Batricevic Memorial op"]
[Site "Cetinje"]
[Date "2012.10.25"]
[Round "7"]
[White "Draskovic, Luka"]
[Black "Kraljevic, Ivan"]
[Result "0-1"]
[WhiteElo "2330"]
[BlackElo "2131"]
[PlyCount "132"]
[EventDate "2012.10.20"]
[EventType "swiss"]
[EventRounds "9"]
[EventCountry "MNE"]
[SourceTitle "EXT 2013"]
[Source "ChessBase"]
[SourceDate "2012.11.22"]
[SourceVersion "1"]
[SourceVersionDate "2012.11.22"]
[SourceQuality "1"]

1. e4 e6 2. d4 d5 3. Nc3 dxe4 4. Nxe4 Nd7 5. Nf3 Ngf6 6. Nxf6+ Nxf6 7. Bg5 Be7 8. Bd3 c5 9. dxc5 Qa5+ 10. Bd2 Qxc5 11. Qe2 b6 12. 0-0-0 Bb7 13. Ne5 0-0 14. Rhg1 Rac8 15. Kb1 Rfd8 16. f4 Be4 17. Bc3 Bxd3 18. Nxd3 Qc4 19. Be5 Nd5 20. c3 Bf6 21. Bxf6 Nxf6 22. g3 Nd5 23. Nc1 Qa4 24. Rd3 Qb5 25. Qd2 g6 26. Rd1 Rxc3 27. Rd4 Rc4 28. Nb3 Rdc8 29. Rxc4 Qxc4 30. Nd4 a5 31. a3 a4 32. f5 exf5 33. Nxf5 Qe4+ 34. Qd3 gxf5 35. Qxe4 fxe4 36. Rxd5 Rc4 37. Rb5 Kg7 38. b3 axb3 39. Rxb3 Rc6 40. Re3 f5 41. g4 Kf6 42. Rh3 Ke5 43. gxf5 Kxf5 44. Rxh7 e3 45. Re7 Kf4 46. h4 Kf3 47. Rf7+ Kg2 48. Re7 Kf2 49. Rf7+ Ke1 50. Kb2 e2 51. h5 Rh6 52. Rf5 Kd2 53. Rd5+ Ke3 54. Re5+ Kd3 55. Kb3 Rxh5 56. Rxh5 e1Q 57. Rd5+ Ke4 58. Rd8 Qe3+ 59. Kb2 Qe2+ 60. Kb3 Qb5+ 61. Ka2 Ke3 62. Rf8 Qd5+ 63. Kb2 Qd4+ 64. Ka2 Kd2 65. Kb1 Qc5 66. Rf3 Qc2+ 0-1

[Event "Cetinje Batricevic Memorial op"]
[Site "Cetinje"]
[Date "2012.10.23"]
[Round "5"]
[White "Dabetic, Radojica"]
[Black "Kraljevic, Ivan"]
[Result "1-0"]
[WhiteElo "2288"]
[BlackElo "2131"]
[PlyCount "181"]
[EventDate "2012.10.20"]
[EventType "swiss"]
[EventRounds "9"]
[EventCountry "MNE"]
[SourceTitle "EXT 2013"]
[Source "ChessBase"]
[SourceDate "2012.11.22"]
[SourceVersion "1"]
[SourceVersionDate "2012.11.22"]
[SourceQuality "1"]

1. e4 e6 2. d4 d5 3. Nc3 Bb4 4. Nge2 Ne7 5. a3 Bxc3+ 6. Nxc3 dxe4 7. Nxe4 Nbc6 8. Be3 Nf5 9. Bb5 Nxe3 10. fxe3 Qh4+ 11. Ng3 Qg5 12. Bxc6+ bxc6 13. Qf3 Qb5 14. b3 0-0 15. Qe2 Qb6 16. Ne4 e5 17. 0-0-0 Bf5 18. Nc5 Rad8 19. Qc4 exd4 20. exd4 Rfe8 21. Rhf1 Bg6 22. a4 h6 23. Qc3 Re2 24. Rd2 Rde8 25. Rf3 Re1+ 26. Kb2 R8e7 27. h3 Qb8 28. Nd3 Bxd3 29. Rfxd3 Rh1 30. Re3 Qd8 31. Rde2 Rxe3 32. Qxe3 Qd6 33. Qd3 Kf8 34. Qe4 Kg8 35. Qg4 g6 36. Re5 c5 37. Rxc5 Rf1 38. Rc4 Kh7 39. Qe4 a5 40. Qe5 Qd8 41. Qxa5 Qh4 42. Qxc7 Qg5 43. Ka3 Qxg2 44. Kb4 Qxh3 45. a5 Qe6 46. Rc6 Qe3 47. Rd6 Rf5 48. a6 Qd2+ 49. c3 Qe2 50. Qb7 Qa2 51. a7 Qa5+ 52. Kc4 Rf3 53. Qxf3 Qxa7 54. Qc6 Kg7 55. Qc5 Qa8 56. Rb6 h5 57. Qe5+ Kh7 58. Rb8 Qa6+ 59. Kb4 f6 60. Qc7+ Kh6 61. Rb6 Qf1 62. Qf7 Kg5 63. Rb5+ f5 64. Rb6 Kf4 65. Rxg6 h4 66. Rf6 Qh3 67. Qd5 Qd3 68. Qe5+ Kg4 69. Rg6+ Kf3 70. Rh6 Kg4 71. Qg7+ Kh3 72. Qg5 Qe4 73. Rxh4+ Qxh4 74. Qxf5+ Kg3 75. Qe5+ Kf3 76. c4 Qh6 77. c5 Qd2+ 78. Kb5 Qd3+ 79. Ka4 Qc2 80. Qd5+ Ke3 81. c6 Qa2+ 82. Kb5 Qa7 83. Qc5 Qf7 84. d5+ Ke4 85. c7 Qd7+ 86. Qc6 Qh3 87. c8Q Qxb3+ 88. Ka6 Qa3+ 89. Kb7 Qe7+ 90. Q8d7 Qb4+ 91. Qb6 1-0

[Event "Cetinje Batricevic Memorial op"]
[Site "Cetinje"]
[Date "2012.10.21"]
[Round "3"]
[White "Kraljevic, Ivan"]
[Black "Miladinovic, Igor"]
[Result "0-1"]
[WhiteElo "2131"]
[BlackElo "2554"]
[PlyCount "92"]
[EventDate "2012.10.20"]
[EventType "swiss"]
[EventRounds "9"]
[EventCountry "MNE"]
[SourceTitle "EXT 2013"]
[Source "ChessBase"]
[SourceDate "2012.11.22"]
[SourceVersion "1"]
[SourceVersionDate "2012.11.22"]
[SourceQuality "1"]

1. e4 c6 2. d4 d5 3. exd5 cxd5 4. c4 Nf6 5. cxd5 Nxd5 6. Nf3 g6 7. Nc3 Nxc3 8. bxc3 Qc7 9. Qb3 Bg7 10. Be2 Nc6 11. 0-0 0-0 12. Be3 b6 13. Rac1 Bg4 14. h3 Bxf3 15. Bxf3 Rac8 16. Qa4 e6 17. Rfd1 Ne7 18. g3 Nf5 19. Bf4 Qe7 20. h4 Rfd8 21. Re1 Qd7 22. Qa3 Bh6 23. Bxh6 Nxh6 24. h5 Rc7 25. hxg6 hxg6 26. Kg2 Nf5 27. Rh1 Qe7 28. Qb2 Qg5 29. Rh3 Rxd4 30. Rch1 Qd2 31. Qxd2 Rxd2 32. g4 Ne3+ 33. Kg3 Nxg4 34. Kxg4 Kg7 35. Rh7+ Kf6 36. Be4 Rxf2 37. Kg3 Rxa2 38. Rf1+ Ke5 39. Bf3 Rc2 40. Re1+ Kf6 41. Rf1 R2xc3 42. Kh4 g5+ 43. Kh5 R3c4 44. Bg4+ Rf4 45. Re1 Rc3 46. Rh1 Rg3 0-1

[Event "MNT-chTB"]
[Site "Andrijevica"]
[Date "2012.09.28"]
[Round "6"]
[White "Kraljevic, Ivan"]
[Black "Ilic, Dragan"]
[Result "1-0"]
[WhiteElo "2131"]
[BlackElo "1954"]
[PlyCount "53"]
[EventDate "2012.09.14"]
[EventType "team-tourn"]
[EventRounds "9"]
[EventCountry "MNE"]
[SourceTitle "CBM 150 Extra"]
[Source "ChessBase"]
[SourceDate "2012.10.19"]
[SourceVersion "1"]
[SourceVersionDate "2012.10.19"]
[SourceQuality "1"]

1. e4 d5 2. exd5 Qxd5 3. d4 Nf6 4. Nf3 Bg4 5. Be2 e6 6. h3 Bh5 7. c4 Qa5+ 8. Nc3 c6 9. 0-0 Be7 10. Bf4 Nbd7 11. a3 0-0 12. b4 Qd8 13. Qb3 a6 14. Rad1 Qc8 15. d5 cxd5 16. cxd5 exd5 17. Nxd5 Nxd5 18. Rxd5 Nf6 19. Re5 Bd6 20. Rxh5 Bxf4 21. Rc5 Qb8 22. Bd3 b6 23. Rf5 Ra7 24. Qc4 Bd6 25. Rxf6 gxf6 26. Qg4+ Kh8 27. Qf5 1-0

[Event "MNT-ch sf"]
[Site "Cetinje"]
[Date "2012.06.29"]
[Round "6"]
[White "Kraljevic, Ivan"]
[Black "Jeknic, Velimir"]
[Result "1-0"]
[WhiteElo "2140"]
[BlackElo "1902"]
[PlyCount "91"]
[EventDate "2012.06.26"]
[EventType "swiss"]
[EventRounds "7"]
[EventCountry "MNE"]
[SourceTitle "EXT 2013"]
[Source "ChessBase"]
[SourceDate "2012.11.22"]
[SourceVersion "1"]
[SourceVersionDate "2012.11.22"]
[SourceQuality "1"]

1. e4 e6 2. d4 d5 3. Nd2 Nf6 4. e5 Nfd7 5. f4 c5 6. c3 Nc6 7. Ndf3 cxd4 8. cxd4 Qa5+ 9. Kf2 f6 10. Bd3 Be7 11. g4 fxe5 12. fxe5 0-0 13. Kg3 Qb6 14. Qc2 h6 15. Qd1 Nxd4 16. Nxd4 Nxe5 17. Bb1 Bd6 18. Kg2 Bd7 19. Nge2 Nxg4 20. Qd3 Nf6 21. Ng3 e5 22. Ndf5 e4 23. Qd1 Rac8 24. Rf1 Bb5 25. Rf2 Bc5 26. Rc2 Bc6 27. Rxc5 Qxc5 28. Be3 Qb4 29. Bd4 Rf7 30. a3 Qf8 31. b4 b6 32. Ba2 Rd8 33. Qe2 Ne8 34. Qg4 Kh7 35. Nh4 g5 36. Nhf5 Bd7 37. Rf1 Be6 38. h4 Qg8 39. hxg5 Bxf5 40. Rxf5 Qg6 41. Rxd5 Rxd5 42. Bxd5 Nd6 43. Nxe4 Nf5 44. Bxf7 Qxf7 45. Nf6+ Kg6 46. gxh6+ 1-0

[Event "MNT-ch sf"]
[Site "Cetinje"]
[Date "2012.06.28"]
[Round "4"]
[White "Kraljevic, Ivan"]
[Black "Kontic, Djordjije"]
[Result "0-1"]
[WhiteElo "2140"]
[BlackElo "2318"]
[PlyCount "64"]
[EventDate "2012.06.26"]
[EventType "swiss"]
[EventRounds "7"]
[EventCountry "MNE"]
[SourceTitle "EXT 2013"]
[Source "ChessBase"]
[SourceDate "2012.11.22"]
[SourceVersion "1"]
[SourceVersionDate "2012.11.22"]
[SourceQuality "1"]

1. e4 c5 2. Nf3 Nc6 3. d4 cxd4 4. Nxd4 Nf6 5. Nc3 g6 6. Nxc6 bxc6 7. e5 Nh5 8. Be2 Ng7 9. 0-0 Qa5 10. f4 Nf5 11. Bd3 h5 12. Bxf5 Qb6+ 13. Kh1 gxf5 14. Rf3 e6 15. Na4 Qb5 16. b3 c5 17. Nb2 Bb7 18. Rf2 Rg8 19. Nc4 h4 20. h3 Rg3 21. Kh2 0-0-0 22. Qe2 Kb8 23. Bb2 Bh6 24. Rg1 Rdg8 25. Bc1 Bf8 26. Qh5 Qc6 27. Qe2 Qc7 28. Qh5 Be7 29. Nd6 Bxd6 30. exd6 Qc6 31. Rf3 Qxf3 32. gxf3 Rxg1 0-1

[Event "MNT-ch sf"]
[Site "Cetinje"]
[Date "2012.06.27"]
[Round "2"]
[White "Kraljevic, Ivan"]
[Black "Lekic, Lazar"]
[Result "1-0"]
[WhiteElo "2140"]
[BlackElo "1984"]
[PlyCount "129"]
[EventDate "2012.06.26"]
[EventType "swiss"]
[EventRounds "7"]
[EventCountry "MNE"]
[SourceTitle "EXT 2013"]
[Source "ChessBase"]
[SourceDate "2012.11.22"]
[SourceVersion "1"]
[SourceVersionDate "2012.11.22"]
[SourceQuality "1"]

1. e4 c5 2. Nf3 d6 3. d4 cxd4 4. Nxd4 Nf6 5. Nc3 a6 6. Bg5 e6 7. Qf3 h6 8. Be3 Nbd7 9. Qg3 b5 10. Bd3 Bb7 11. a3 Rc8 12. 0-0 Qc7 13. Rae1 Nc5 14. f3 g6 15. Kh1 e5 16. Nde2 Bg7 17. Qh4 Ne6 18. Rd1 g5 19. Qf2 0-0 20. Ng3 Nf4 21. Nf5 d5 22. Bxf4 exf4 23. exd5 Bxd5 24. Qd4 Rfd8 25. Nxd5 Rxd5 26. Qg1 Re8 27. Rfe1 Rde5 28. Rxe5 Rxe5 29. Re1 Bf8 30. h3 Nh5 31. Rxe5 Qxe5 32. b4 Ng3+ 33. Nxg3 fxg3 34. Qf1 Bd6 35. c4 bxc4 36. Bxc4 a5 37. bxa5 Qxa5 38. Qe2 Qa4 39. Qd3 Qd7 40. Qg6+ Kf8 41. Qxh6+ Ke8 42. Qxg5 Be7 43. Qxg3 Qd1+ 44. Kh2 Bd6 45. f4 Kf8 46. Qe3 Qa4 47. Qd4 Bxa3 48. Qd5 Qa7 49. h4 Bc1 50. Qd8+ Kg7 51. Qg5+ Kf8 52. g3 Qd4 53. Bd5 Bb2 54. Qf5 Qf6 55. Qc8+ Kg7 56. h5 Bd4 57. Qd7 Be3 58. Qg4+ Kh6 59. Kh3 Qg7 60. Qf5 f6 61. Be4 Bf2 62. g4 Be3 63. g5+ fxg5 64. Qe6+ Kxh5 65. Bf3+ 1-0

[Event "MNT-chT"]
[Site "Cetinje"]
[Date "2010.08.29"]
[Round "3"]
[White "Djokovic, Mirsad"]
[Black "Kraljevic, Ivan"]
[Result "0-1"]
[WhiteElo "2035"]
[BlackElo "2128"]
[PlyCount "133"]
[EventDate "2010.08.27"]
[EventType "team-tourn"]
[EventRounds "9"]
[EventCountry "MNE"]
[SourceTitle "CBM 138 Extra"]
[Source "ChessBase"]
[SourceDate "2010.10.29"]
[SourceVersion "1"]
[SourceVersionDate "2010.10.29"]
[SourceQuality "1"]

1. e4 e6 2. d4 d5 3. Nc3 Bb4 4. Nge2 Ne7 5. a3 Ba5 6. b4 Bb6 7. e5 a5 8. Rb1 axb4 9. axb4 0-0 10. Bg5 Qe8 11. Ng3 Nbc6 12. Nce2 Bd7 13. c3 h6 14. Bxe7 Nxe7 15. Nf4 Bb5 16. Bd3 Ra3 17. Qd2 Qc6 18. Rc1 Rfa8 19. 0-0 Bxd3 20. Qxd3 Qc4 21. Rfd1 Qxd3 22. Nxd3 Nc6 23. Kf1 Rb3 24. Ne2 Raa3 25. Ne1 Na7 26. Rc2 Nb5 27. Rdc1 c6 28. f4 Kf8 29. Nf3 Ra7 30. h4 Ke7 31. g4 Na3 32. Ra2 Nc4 33. Rxa7 Bxa7 34. Kf2 Ra3 35. h5 f6 36. Rg1 fxe5 37. Nxe5 Nd6 38. Rc1 Ne4+ 39. Kf3 Bb8 40. Ke3 Bd6 41. Nd3 b6 42. Nf2 Nf6 43. Rb1 Ra2 44. Rb3 Kd7 45. Rb1 Kc7 46. Rh1 c5 47. bxc5 bxc5 48. g5 cxd4+ 49. Kf3 Ne4 50. gxh6 gxh6 51. cxd4 Nxf2 52. Kxf2 Bxf4 53. Rh3 Bg5 54. Rb3 Rd2 55. Kf3 Kd6 56. Rb6+ Ke7 57. Rb3 Kf6 58. Ra3 Rd1 59. Rb3 Rf1+ 60. Kg2 Rf5 61. Ng3 Rf4 62. Rd3 Bh4 63. Kh3 Bxg3 64. Rxg3 Rxd4 65. Rg6+ Kf5 66. Rxh6 Rd1 67. Kh4 0-1

[Event "Cetinje Batricevic Memorial op"]
[Site "Cetinje"]
[Date "2009.08.16"]
[Round "8"]
[White "Popovic, Mladen"]
[Black "Kraljevic, Ivan"]
[Result "1-0"]
[WhiteElo "2190"]
[BlackElo "2130"]
[PlyCount "65"]
[EventDate "2009.08.09"]
[EventType "swiss"]
[EventRounds "9"]
[EventCountry "MNE"]
[SourceTitle "CBM 131 Extra"]
[Source "ChessBase"]
[SourceDate "2009.09.03"]
[SourceVersion "2"]
[SourceVersionDate "2009.09.16"]
[SourceQuality "1"]

1. e4 e6 2. d4 d5 3. Nc3 Bb4 4. exd5 exd5 5. Bd3 Nf6 6. Nge2 c6 7. 0-0 h6 8. Ng3 0-0 9. Bf4 Bd6 10. Qd2 Re8 11. Rfe1 Be6 12. Re2 Qc7 13. Bxh6 g6 14. Rae1 Nbd7 15. Bxg6 fxg6 16. Rxe6 Rxe6 17. Rxe6 Kf7 18. Re1 Qb6 19. Nd1 Bxg3 20. fxg3 c5 21. dxc5 Qxc5+ 22. Be3 Qc4 23. b3 Qc6 24. Bd4 a5 25. c3 b5 26. Nf2 Qd6 27. Nd3 Re8 28. Rxe8 Kxe8 29. Qh6 Ne4 30. Nf4 b4 31. cxb4 Qxb4 32. Qxg6+ Kd8 33. Qg8+ 1-0